|
|
|
|
| LEADER |
00000nam a2200000Ii 4500 |
| 001 |
DIGBRUJ315 |
| 003 |
NyNyDIG |
| 006 |
m o d |
| 007 |
cr ||||||||||| |
| 008 |
220710s2018 ag a ob 000 0 spa d |
| 035 |
|
|
|a (OCoLC)1100024677
|
| 040 |
|
|
|a DGITA
|b eng
|e rda
|e pn
|c DGITA
|
| 020 |
|
|
|a 9789877601732
|q pdf
|
| 020 |
|
|
|z 9789877601688
|
| 041 |
1 |
|
|a spa
|h ita
|
| 050 |
1 |
4 |
|a R726.5 ebook
|
| 082 |
0 |
4 |
|a 616.0019
|
| 100 |
1 |
|
|a Turchi, Gian Piero,
|e author.
|
| 240 |
1 |
0 |
|a Psicologia della salute.
|l Spanish
|s (Fortuna)
|
| 245 |
1 |
0 |
|a Psicología de la salud :
|b del modelo bio-psico-social al modelo dialógico : generar y gestionar procesos transformativos en el ámbito de la salud /
|c Gian Piero Turchi ; traducción de María Débora Fortuna.
|
| 264 |
|
1 |
|a Córdoba, Argentina :
|b Editorial Brujas,
|c [2018]
|
| 300 |
|
|
|a 1 online resource :
|b illustrations.
|
| 336 |
|
|
|a text
|b txt
|2 rdacontent
|
| 337 |
|
|
|a computer
|b c
|2 rdamedia
|
| 338 |
|
|
|a online resource
|b cr
|2 rdacarrier
|
| 347 |
|
|
|a text file
|2 rdaft
|
| 347 |
|
|
|b PDF
|
| 504 |
|
|
|a Includes bibliographical references.
|
| 588 |
0 |
|
|a Online resource; title from PDF title page (Digitalia, viewed July 10, 2022)
|
| 650 |
|
0 |
|a Medicine and psychology.
|
| 650 |
|
0 |
|a Health
|x Psychological aspects.
|
| 655 |
|
0 |
|a Electronic books.
|
| 700 |
1 |
|
|a Fortuna, María Débora,
|e translator.
|
| 700 |
1 |
|
|i Translation of:
|a Turchi, Gian Piero.
|t Psicologia della salute.
|
| 791 |
2 |
|
|a Digitalia (Firm),
|e distributor.
|
| 793 |
0 |
|
|g Digitalia eBook Collection:
|a Editorial Brujas
|
| 776 |
0 |
8 |
|i Print version:
|a Turchi, Gian Piero.
|s Psicologia della salute. Spanish (Fortuna).
|t Psicología de la salud.
|d Córdoba, Argentina : Editorial Brujas, [2018]
|z 9789877601688
|
| 856 |
4 |
0 |
|3 Digitalia Hispánica
|u https://www.digitaliapublishing.com/a/58658/
|
| 910 |
|
|
|a Premium collection: 2022
|